Jalkapallon maailmanmestaruuskilpailuiden finalistit - Statistics

Yleistilastot
  • Tätä visaa on pelattu 478 kertaa
  • Keskiarvotulos 37 / 42
Vastaustilastot
MIssä Milloin Voittaja % Oikein
Switzerland 1954 Länsi-Saksa
99%
Germany 1974 Länsi-Saksa
99%
Italy 1990 Länsi-Saksa
99%
Länsi-Saksa
99%
Länsi-Saksa
99%
Länsi-Saksa
99%
Brazil 2014 Saksa
99%
Saksa
99%
Sweden 1958 Brasilia
98%
Chile 1962 Brasilia
98%
Mexico 1970 Brasilia
98%
United States 1994 Brasilia
98%
Japan 2002 Brasilia
98%
Brasilia
98%
Brasilia
98%
France 1998 Ranska
98%
Russia 2018 Ranska
98%
Ranska
98%
South Africa 2010 Espanja
97%
Argentina 1978 Argentiina
96%
Mexico 1986 Argentiina
96%
Argentiina
96%
Argentiina
96%
Argentiina
96%
Italy 1934 Italia
94%
France 1938 Italia
94%
Spain 1982 Italia
94%
Germany 2006 Italia
94%
Italia
94%
Italia
94%
Uruguay 1930 Uruguay
89%
Brazil 1950 Uruguay
89%
England 1966 Englanti
88%
Alankomaat
85%
Alankomaat
85%
Alankomaat
85%
Kroatia
80%
Ruotsi
78%
Unkari
46%
Unkari
46%
Tsekkoslovakia
30%
Tsekkoslovakia
30%
Ehtoja vastaavia visoja ei löytynyt
Tulosjakauma
Jokaisen tuloksen saaneiden osuus
Persentiili vastausten määrän mukaan
Tuloshistoriasi
Et ole pelannut tätä visaa